000 00838nam a2200241Ia 4500
001 16255
003 GE_BSU
008 181216s||||||||xx |||||||||||||| ||und||
020 _aISBN 978-9941-19-676-8
040 _cGE_BSU
100 _aბეგბედერი, ფ. (ფრედერიკ)
245 _a99 ფრანკი
245 _bრომანი
245 _cთინათინ ღარიბაშვილის თარგმანი;რედ. ელენე სალარიძე ; ყდის დიზაინი ეთერ გზირიშვილი
260 _aთბილისი
260 _bპალიტრაL
260 _c2012
300 _a208გვ;21სმ.
541 _h9ლ.
653 _a99 ფრანკი
653 _aრომანი
942 _cBK
999 _c49338
_d49338